<?xml version="1.0" encoding="UTF-8"?><?xml-stylesheet type="text/xsl" href="static/style.xsl"?><OAI-PMH xmlns="http://www.openarchives.org/OAI/2.0/" xmlns:xsi="http://www.w3.org/2001/XMLSchema-instance" xsi:schemaLocation="http://www.openarchives.org/OAI/2.0/ http://www.openarchives.org/OAI/2.0/OAI-PMH.xsd"><responseDate>2026-04-13T02:09:16Z</responseDate><request verb="GetRecord" identifier="oai:www.recercat.cat:2117/107987" metadataPrefix="marc">https://recercat.cat/oai/request</request><GetRecord><record><header><identifier>oai:recercat.cat:2117/107987</identifier><datestamp>2025-07-23T07:02:05Z</datestamp><setSpec>com_2072_1033</setSpec><setSpec>col_2072_452951</setSpec></header><metadata><record xmlns="http://www.loc.gov/MARC21/slim" xmlns:dcterms="http://purl.org/dc/terms/" xmlns:xsi="http://www.w3.org/2001/XMLSchema-instance" xmlns:doc="http://www.lyncode.com/xoai" xsi:schemaLocation="http://www.loc.gov/MARC21/slim http://www.loc.gov/standards/marcxml/schema/MARC21slim.xsd">
   <leader>00925njm 22002777a 4500</leader>
   <datafield ind2=" " ind1=" " tag="042">
      <subfield code="a">dc</subfield>
   </datafield>
   <datafield ind2=" " ind1=" " tag="720">
      <subfield code="a">Delgado Gonzalo, Guillem</subfield>
      <subfield code="e">author</subfield>
   </datafield>
   <datafield ind2=" " ind1=" " tag="260">
      <subfield code="c">2017-06</subfield>
   </datafield>
   <datafield ind2=" " ind1=" " tag="520">
      <subfield code="a">This thesis addresses the problem of incorporating real world objects into the virtual reality world and its usage inside the gaming community. Using Kinect camera and HTC Vive glasses we recreated a football simulator where the user is able to play with a real ball while watching it in virtual reality. To achieve our goal, we present a mix of image processing algorithms that are be able to track the ball with only depth given by Kinect. Furthermore, a dynamic-link library is generated from the algorithm and used in Unity3D framework. Moreover, solving the rigid transform between the two coordinates spaces will make the VR ball as it was real. Finally, we designed a videogame using real world elements making the interaction and the gameplay more real. Thus, opening a range of opportunities that developers could take advantage of.</subfield>
   </datafield>
   <datafield ind2=" " ind1=" " tag="520">
      <subfield code="a">Esta tesis aborda el problema de incorporar objetos del mundo real en el mundo de la realidad virtual y su uso dentro de la comunidad de los videojuegos. Usando la cámara Kinect y HTC Vive hemos recreado un simulador de fútbol donde el usuario es capaz de jugar con una pelota real mientras lo ve en realidad virtual. Para lograr nuestro objetivo, presentamos una mezcla de algoritmos de procesamiento de imagen que son capaces de rastrear la pelota con sólo la profundidad dada por Kinect. Además, una biblioteca de enlaces dinámicos se genera a partir del algoritmo y se utiliza en Unity3D. Además, resolver la transformación rígida entre los dos espacios de coordenadas hará que la pelota en realidad virtual sea como real. Finalmente, se diseña un videojuego utilizando elementos del mundo real, haciendo que la interacción y la durabilidad sean más reales. Por lo tanto, se abre una serie de oportunidades que los desarrolladores pueden aprovechar.</subfield>
   </datafield>
   <datafield ind2=" " ind1=" " tag="520">
      <subfield code="a">En aquesta tesi s‟aborda el problema de la incorporació d‟objectes del món real al món de la realitat virtual i el seu ús en la comunitat de videojocs. Utilitzant una càmera Kinect i HTC Vive recreem un simulador de futbol on l‟usuari és capaç de jugar amb una pilota de veritat mentre ho veu en la realitat virtual.&#xd;
Per aconseguir el nostre objectiu, presentem una combinació d‟algoritmes de processament d‟imatge que són capaços de seguir la pilota amb valors de profunditats donats per Kinect. A més, una biblioteca d‟enllaç dinàmic es genera a partir de l‟algoritme i s‟utilitza dins de Unity3D. A més a més, resoldre la transformació rígida entre els dos espais de coordenades farà que la pilota en realitat virtual sigui com real.&#xd;
Finalment s‟ha dissenyat un videojoc utilitzant elements del món real fent la interacció i la jugabilitat més real. Per això, s‟obre una gamma d‟oportunitats que els desenvolupadors podrien aprofitar.</subfield>
   </datafield>
   <datafield tag="653" ind2=" " ind1=" ">
      <subfield code="a">Àrees temàtiques de la UPC::Enginyeria de la telecomunicació</subfield>
   </datafield>
   <datafield tag="653" ind2=" " ind1=" ">
      <subfield code="a">Computer vision</subfield>
   </datafield>
   <datafield tag="653" ind2=" " ind1=" ">
      <subfield code="a">Kinect (Controlador programable)</subfield>
   </datafield>
   <datafield tag="653" ind2=" " ind1=" ">
      <subfield code="a">Image processing</subfield>
   </datafield>
   <datafield tag="653" ind2=" " ind1=" ">
      <subfield code="a">Gradient descent</subfield>
   </datafield>
   <datafield tag="653" ind2=" " ind1=" ">
      <subfield code="a">tracking</subfield>
   </datafield>
   <datafield tag="653" ind2=" " ind1=" ">
      <subfield code="a">rigid transform</subfield>
   </datafield>
   <datafield tag="653" ind2=" " ind1=" ">
      <subfield code="a">virtual reality</subfield>
   </datafield>
   <datafield tag="653" ind2=" " ind1=" ">
      <subfield code="a">kinect v2</subfield>
   </datafield>
   <datafield tag="653" ind2=" " ind1=" ">
      <subfield code="a">image processing</subfield>
   </datafield>
   <datafield tag="653" ind2=" " ind1=" ">
      <subfield code="a">gaming</subfield>
   </datafield>
   <datafield tag="653" ind2=" " ind1=" ">
      <subfield code="a">seguimiento</subfield>
   </datafield>
   <datafield tag="653" ind2=" " ind1=" ">
      <subfield code="a">transformación rígida</subfield>
   </datafield>
   <datafield tag="653" ind2=" " ind1=" ">
      <subfield code="a">realidad virtual</subfield>
   </datafield>
   <datafield tag="653" ind2=" " ind1=" ">
      <subfield code="a">procesado de imagen</subfield>
   </datafield>
   <datafield tag="653" ind2=" " ind1=" ">
      <subfield code="a">videojuegos</subfield>
   </datafield>
   <datafield tag="653" ind2=" " ind1=" ">
      <subfield code="a">Visió per ordinador</subfield>
   </datafield>
   <datafield tag="653" ind2=" " ind1=" ">
      <subfield code="a">Kinect (Controlador programable)</subfield>
   </datafield>
   <datafield tag="653" ind2=" " ind1=" ">
      <subfield code="a">Imatges -- Processament</subfield>
   </datafield>
   <datafield ind2="0" ind1="0" tag="245">
      <subfield code="a">Football simulator in virtual reality using Kinect and Htc Vive</subfield>
   </datafield>
   <datafield ind2="0" ind1="0" tag="245">
      <subfield code="a">Simulador de fútbol en realidad virtual utilizando Kinect y Htc Vive</subfield>
   </datafield>
   <datafield ind2="0" ind1="0" tag="245">
      <subfield code="a">Simulador de futbol en realitat virtual utilitzant Kinect i Htc Vive</subfield>
   </datafield>
</record></metadata></record></GetRecord></OAI-PMH>